[Event "Villa Martelli ProAm op 23rd"]
[Site "Villa Martelli"]
[Date "2016.11.23"]
[Round "5"]
[White "Saracho, Franco"]
[Black "Isella, Facundo"]
[Result "0-1"]
[WhiteElo "1705"]
[BlackElo "1537"]
[PlyCount "82"]
[EventDate "2016.11.20"]
[EventType "swiss"]
[EventRounds "9"]
[EventCountry "ARG"]
[SourceTitle "CBM 175 Extra"]
[Source "ChessBase"]
[SourceDate "2016.12.12"]
[SourceVersion "1"]
[SourceVersionDate "2016.12.12"]
[SourceQuality "1"]

1. e4 d5 2. exd5 Qxd5 3. Nc3 Qd8 4. d4 Nf6 5. Nf3 e6 6. Bc4 Be7 7. 0-0 0-0 8. Re1 Nbd7 9. Bb3 c6 10. Ne2 b6 11. c4 Bb7 12. Nc3 Re8 13. h3 Nf8 14. Bf4 Ng6 15. Bh2 Bd6 16. Bxd6 Qxd6 17. Qd2 Rad8 18. Rad1 Qb8 19. Qc2 Nf4 20. Qc1 c5 21. Qe3 cxd4 22. Rxd4 Rxd4 23. Qxd4 Bxf3 24. gxf3 Rd8 25. Qe5 Nxh3+ 26. Kf1 Qxe5 27. Rxe5 Rd2 28. Re2 Rxe2 29. Kxe2 Nf4+ 30. Ke3 g5 31. Nb5 a6 32. Nc7 h5 33. Kd2 Ng2 34. Ke2 h4 35. Kf1 Nf4 36. Bd1 a5 37. Na8 Nd7 38. Ba4 h3 39. Kg1 Ne5 40. Nxb6 Nxf3+ 41. Kh1 Nd3 0-1

[Event "Pan American-ch U14 27th"]
[Site "Montevideo"]
[Date "2016.07.31"]
[Round "9"]
[White "Alvarado Munoz, Sebastian Ignacio"]
[Black "Saracho, Franco"]
[Result "0-1"]
[WhiteElo "1684"]
[BlackElo "1760"]
[PlyCount "168"]
[EventDate "2016.07.25"]
[EventType "swiss"]
[EventRounds "9"]
[EventCountry "URU"]
[SourceTitle "EXT 2017"]
[Source "ChessBase"]
[SourceDate "2016.10.25"]
[SourceVersion "1"]
[SourceVersionDate "2016.10.25"]
[SourceQuality "1"]

1. e4 e6 2. d4 d5 3. Nc3 Nf6 4. e5 Nfd7 5. Nce2 c5 6. f4 Nc6 7. c3 cxd4 8. cxd4 f5 9. Nf3 Be7 10. a3 0-0 11. Nc3 Nb6 12. Bd3 Bd7 13. h4 Be8 14. Be3 Rc8 15. g4 Na5 16. Ng5 Qd7 17. Bb5 Nc6 18. gxf5 exf5 19. Qb3 h6 20. Nf3 Qe6 21. a4 Na5 22. Qd1 Bg6 23. Rc1 Nac4 24. Qe2 a6 25. Bxc4 Nxc4 26. b3 Na5 27. Qa2 Bh5 28. Kf2 Nc6 29. Ne2 Nb4 30. Qd2 Qb6 31. Ng3 Bg6 32. h5 Bh7 33. Rc3 Nc6 34. Qd3 Nb4 35. Qd2 Nc6 36. Qd3 Bb4 37. Rc5 Bxc5 38. dxc5 Qd8 39. Rd1 Ne7 40. Nd4 Qd7 41. Kf3 Kh8 42. Bf2 Nc6 43. Nge2 Qf7 44. Rh1 Nb4 45. Qd2 Nc6 46. Qd3 Qd7 47. Nxc6 Rxc6 48. Nd4 Rcc8 49. Ke2 Rfe8 50. Nf3 Qf7 51. Kd2 Rc7 52. Kc3 b6 53. b4 bxc5 54. Bxc5 a5 55. Kd4 axb4 56. Nd2 Rec8 57. Nb3 Qd7 58. Qb5 Qxb5 59. axb5 Rb7 60. b6 Ra8 61. Ra1 Ra3 62. Rxa3 bxa3 63. Kc3 g5 64. Nd4 a2 65. Kb2 a1Q+ 66. Kxa1 g4 67. Kb2 g3 68. Ne2 g2 69. Kc3 Bg8 70. Kd4 Bf7 71. Ng1 Be6 72. Ke3 Rg7 73. Kf2 Bc8 74. Nf3 Kg8 75. Kg1 Kf7 76. Nh4 Rg4 77. Nxg2 Ke6 78. Bd4 Rg3 79. Kf2 Rh3 80. Ne3 Rxh5 81. Nd1 Rh2+ 82. Ke3 Ba6 83. Nc3 Rh3+ 84. Kd2 Rd3+ 0-1

[Event "ARG-ch sf"]
[Site "Vicente Lopez"]
[Date "2016.07.01"]
[Round "8"]
[White "Banfi, Pablo"]
[Black "Saracho, Franco"]
[Result "1-0"]
[WhiteElo "1787"]
[BlackElo "1731"]
[PlyCount "59"]
[EventDate "2016.06.25"]
[EventType "swiss"]
[EventRounds "9"]
[EventCountry "ARG"]
[SourceTitle "CBM 173 Extra"]
[Source "ChessBase"]
[SourceDate "2016.08.29"]
[SourceVersion "1"]
[SourceVersionDate "2016.08.29"]
[SourceQuality "1"]

1. e4 e6 2. d4 d5 3. Nd2 Nf6 4. e5 Nfd7 5. Bd3 c5 6. c3 Nc6 7. Ne2 cxd4 8. cxd4 f6 9. exf6 Nxf6 10. 0-0 Bd6 11. Nf3 Qc7 12. Bg5 0-0 13. Bh4 Nh5 14. Nc3 a6 15. Rc1 g6 16. Na4 Qg7 17. Nb6 Rb8 18. Bxa6 Bf4 19. Rc5 Nb4 20. Be2 Bc7 21. Nxc8 Rfxc8 22. Qb3 Bd6 23. Qxb4 Bxc5 24. dxc5 Qf8 25. Ne5 Qg7 26. f4 Rc7 27. Bxh5 gxh5 28. Rf3 Kh8 29. Rg3 Qf8 30. Qd4 1-0

[Event "ARG-ch U14"]
[Site "Capilla del Monte"]
[Date "2016.05.23"]
[Round "5.3"]
[White "Rillo Badano, Manuel"]
[Black "Saracho, Franco"]
[Result "1-0"]
[WhiteElo "1756"]
[BlackElo "1627"]
[PlyCount "49"]
[EventDate "2016.05.21"]
[EventType "tourn"]
[EventRounds "9"]
[EventCountry "ARG"]
[SourceTitle "EXT 2024"]
[Source "ChessBase"]
[SourceDate "2023.10.10"]
[SourceVersion "1"]
[SourceVersionDate "2023.10.10"]
[SourceQuality "1"]

1. d4 e6 2. Nf3 d5 3. e3 Nf6 4. c4 c6 5. Nc3 Bd6 6. Qc2 Nbd7 7. b3 0-0 8. Bd3 dxc4 9. bxc4 e5 10. 0-0 Qe7 11. Bb2 Re8 12. c5 Bb8 13. Ne4 Nxe4 14. Bxe4 exd4 15. Bxh7+ Kf8 16. Bf5 dxe3 17. Bxd7 exf2+ 18. Rxf2 Bxd7 19. Qh7 f6 20. Ng5 Qe1+ 21. Rxe1 Rxe1+ 22. Rf1 Rxf1+ 23. Kxf1 fxg5 24. Qxg7+ Ke8 25. Bf6 1-0

[Event "ARG-ch U14"]
[Site "Capilla del Monte"]
[Date "2016.05.22"]
[Round "4.4"]
[White "Saracho, Franco"]
[Black "Petrelli, Luis Mariano"]
[Result "1-0"]
[WhiteElo "1627"]
[BlackElo "1566"]
[PlyCount "133"]
[EventDate "2016.05.21"]
[EventType "tourn"]
[EventRounds "9"]
[EventCountry "ARG"]
[SourceTitle "EXT 2024"]
[Source "ChessBase"]
[SourceDate "2023.10.10"]
[SourceVersion "1"]
[SourceVersionDate "2023.10.10"]
[SourceQuality "1"]

1. e4 e5 2. Nf3 Nc6 3. Bb5 Bc5 4. Bxc6 dxc6 5. 0-0 Nf6 6. d3 Bg4 7. h3 Bh5 8. g4 Nxg4 9. hxg4 Bxg4 10. Be3 Qf6 11. Nbd2 Bd6 12. Kg2 Qg6 13. Rg1 f5 14. exf5 Qxf5 15. Kf1 Rf8 16. Nh4 Bh3+ 17. Ke1 Qf6 18. Qh5+ Kd7 19. Ne4 Qe7 20. Kd2 Be6 21. Bg5 Qf7 22. Qxh7 Rh8 23. Qg6 Raf8 24. Qxf7+ Rxf7 25. Ke2 c5 26. Ng6 Rh5 27. Nxc5+ Bxc5 28. Nxe5+ Kd6 29. Nxf7+ Bxf7 30. Bf4+ Kc6 31. Rxg7 Rf5 32. Be3 Bh5+ 33. Kd2 Bxe3+ 34. fxe3 Rf2+ 35. Kc3 b5 36. a3 Kb6 37. Rh1 Bf3 38. Re1 Bh5 39. e4 a5 40. b4 axb4+ 41. axb4 Rf6 42. e5 Re6 43. Rg5 Be8 44. Rf5 Kc6 45. Rf6 Kd5 46. Rxe6 Kxe6 47. Kd4 Bf7 48. Kc5 Be8 49. Re2 Bh5 50. Re1 Be8 51. d4 c6 52. Rf1 Ke7 53. Rf6 Bh5 54. c3 Be8 55. Rxc6 Bh5 56. Kxb5 Be2+ 57. c4 Kd7 58. d5 Bf3 59. Rf6 Be4 60. Rf7+ Ke8 61. Ra7 Bf5 62. e6 Kf8 63. Rf7+ Ke8 64. Rxf5 Ke7 65. c5 Ke8 66. d6 Kd8 67. Rf8# 1-0

[Event "ARG-ch sf U14"]
[Site "Villaguay"]
[Date "2016.02.24"]
[Round "3"]
[White "Tejada, Gonzalo"]
[Black "Saracho, Franco"]
[Result "1/2-1/2"]
[WhiteElo "1333"]
[BlackElo "1675"]
[PlyCount "64"]
[EventDate "2016.02.23"]
[EventType "swiss"]
[EventRounds "8"]
[EventCountry "ARG"]
[SourceTitle "EXT 2017"]
[Source "ChessBase"]
[SourceDate "2016.10.25"]
[SourceVersion "1"]
[SourceVersionDate "2016.10.25"]
[SourceQuality "1"]

1. d4 e6 2. c4 d5 3. Nc3 Nf6 4. cxd5 exd5 5. Bg5 Nbd7 6. e3 c6 7. Qc2 Be7 8. Bd3 Nh5 9. Bxe7 Qxe7 10. Nge2 g6 11. 0-0 Nb6 12. a3 Ng7 13. b4 Bf5 14. b5 c5 15. a4 Bxd3 16. Qxd3 c4 17. Qc2 Qd6 18. Nf4 g5 19. a5 gxf4 20. axb6 0-0 21. Rxa7 Qxb6 22. Rxa8 Rxa8 23. Nxd5 Qxb5 24. Nc7 Qa4 25. Qe4 Rb8 26. Qxf4 Rd8 27. Qg5 Qd7 28. Nb5 Qd5 29. Qh4 Nf5 30. Qg5+ Ng7 31. Qh4 Nf5 32. Qg5+ Ng7 1/2-1/2